Cocaína, capitalismo e imperio: encadenamientos globales y políticas de narcotráfico /
Gorde:
| Egile nagusia: | |
|---|---|
| Beste egile batzuk: | |
| Formatua: | Texto |
| Gaiak: | |
| Etiketak: |
Etiketa erantsi
Etiketarik gabe, Izan zaitez lehena erregistro honi etiketa jartzen!
|
MARC
| LEADER | 00000 a a2200000 04500 | ||
|---|---|---|---|
| 001 | 18487 | ||
| 003 | |||
| 040 | |||
| 100 | |a Wilson, Suzanne | ||
| 245 | |a Cocaína, capitalismo e imperio: |b encadenamientos globales y políticas de narcotráfico / |c Suzanne Wilson ; Marta Zambrano | ||
| 650 | |a TRAFICO DE DROGAS | ||
| 650 | |a DROGAS DE USO INDEBIDO | ||
| 650 | |a PROBLEMAS SOCIALES | ||
| 650 | |a POBREZA | ||
| 650 | |a ESTADO | ||
| 650 | |a POLITICA GUBERNAMENTAL | ||
| 700 | |a Zambrano, Marta | ||
| 773 | |g número 94; páginas 117-142 | ||
| 999 | |c 32780 |d 32780 | ||
